| 000 | 00598nam a2200205 i 4500 | ||
|---|---|---|---|
| 001 | 93833 | ||
| 003 | ES-MaACL | ||
| 005 | 20250822033208.0 | ||
| 007 | t| | ||
| 008 | 050420s1973 sp ||||1| spa d | ||
| 080 | _a159.9:61 | ||
| 100 | 1 |
_aLópez Ibor, Juan José, _d1906-1991 _973703 |
|
| 245 | 1 | 0 |
_aLecciones de psicología médica / _cJuan José López Ibor. |
| 260 |
_aMadrid : _bPaz Montalvo, _c1973. |
||
| 300 |
_aXV, 554 p. ; _c24 cm. |
||
| 650 | 7 |
_aPsicología médica _2embne _9140423 |
|
| 852 |
_aES-MaACL _jC-55070 |
||
| 852 |
_aES-MaACL _jE-7965 |
||
| 999 |
_c93833 _d93833 |
||